000 00725nam a22002657a 4500
003 UA-OsUOA
001 28827
007 ta
008 20050510b un ||||| |||| 00| 0 ukr d
100 _aWlassow J. N.
700 _aKulenko V. J.
090 _a811.112.2(075.8)
_bW79
942 _cBK
040 _aUA-OsUOA
_bger
_cUA-OsUOA
_dUA-OsUOA
245 _aDas Adjektiv Steigerungsstufen und Deklination. Handbuch mit modernen Ubungen fur die Studenten der Fremdsprachenfakultat
_bDeutsch als zweites Fach
300 _a96s с.
955 _a0
041 _ager
080 _a811.112.2(075.8)
020 _a966-7890-40-6
260 _aWinnyzja
_bNOWA KNYHA
_c2003
044 _aUA
650 7 _2UDC
999 _c315200
_d315200